Democracia y desobediencia

محفوظ في:
التفاصيل البيبلوغرافية
المؤلف الرئيسي: Singer, Peter (مؤلف)
التنسيق: كتاب
اللغة:الإسبانية
منشور في: Barcelona Ariel 1985
سلاسل:Ariel, 38
الموضوعات:
الوسوم: إضافة وسم
لا توجد وسوم, كن أول من يضع وسما على هذه التسجيلة!

MARC

LEADER 00000nam a2200000 a 4500
001 UCV1563
003 CL-VaPUC
008 900823e19850000SP |||||||||||||||||spa|d
082 0 4 |a 320.01  |b SIN  |2 21 
100 0 |a Singer, Peter  |e author  |9 295834 
245 1 0 |a Democracia y desobediencia 
300 |a 161 p 
942 |c BK 
945 |d 19900823 00:00:00 
260 |a Barcelona  |b Ariel  |c 1985 
650 0 |a Democracia  |9 255256 
650 7 |a RESISTENCIA CIVIL  |2 CL-VaPUC  |9 255669 
650 0 |a Etica política   |9 255799 
650 7 |a FILOSOFIA POLITICA  |2 CL-VaPUC  |9 295835 
583 |a last modification  |c 19900823 00:00:00  |k Rodrigo Vera 
490 0 |a Ariel, 38 
999 |c 209489  |d 209487 
952 |0 0  |1 0  |4 0  |6 320_010000000000000_SIN_1985  |7 0  |8 DER_TF  |9 184916  |a BIBDER  |b BIBDER  |d 2019-11-14  |i 2522373  |o 320.01 SIN 1985  |p 2522373  |r 2023-01-25  |w 2019-11-14  |x Ubicación 4to Piso  |y BK  |z Estos recursos deben solicitarse con anticipación  |k DER